| 000 | 00754nam a22002057a 4500 | ||
|---|---|---|---|
| 005 | 20240919140634.0 | ||
| 010 | _aHIN-128436 | ||
| 020 |
_a9789392228421 _c1249.00 |
||
| 035 | _aHN-100782 | ||
| 037 | _bDBAD | ||
| 082 | _aउ | ||
| 100 |
_aरोहेकर, शीला _971775 |
||
| 245 |
_aपल्लीपार/ _cशीला रोहेकर |
||
| 250 | _aप्रथम | ||
| 260 |
_aनोएडा, उ. प्र. _bसेतु प्रकाशन _c2022 |
||
| 270 |
_aसी-21, सेक्टर-65 _bनोएडा, उ. प्र. _e201301 _msetuprakashan@gmail.com |
||
| 300 |
_a446 पृ. _c21 सेमी. (सजिल्द) |
||
| 650 |
_aहिन्दी _971776 |
||
| 942 |
_2ddc _cHN _hउ _mरोहेक |
||
| 999 |
_c205828 _d205828 |
||